000 00501nam a2200169 i 4500
001 59254
003 ES-MaACL
005 20230906164010.0
007 t|
008 031028s1955 xxu ||||1| eng d
100 1 _aEifert, Virginia S.
_946824
245 1 4 _aThe Buffalo trace /
_cby Virginia S. Eifert ; illustrated by Manning de V. Lee.
260 _aNew York :
_bDodd, Mead & Company,
_c1955.
300 _aXII, 193 p., 5 lám.
700 1 _aLee, V.
_971194
852 _aES-MaACL
_jC-25210
_bR.53910
999 _c59254
_d59254